000 00519nam a22001937a 4500
005 20250225122312.0
010 _aENG-143904
020 _c250.00
_a9789391317522
035 _aEN-127436
037 _bDBAD/PUB
082 _a658.4013
100 _aKanhaiya, K S S
_978668
245 _aSeven Essays For Managers;
_cby K S S Kanhaiya
250 _a01
260 _aNodia
_bJai3E Books & Publishing
_c2021
270 _bNodia
300 _a126p.g
_c23cm(pbk)
942 _2ddc
_cEN
_h658.4013
_mKAN
999 _c209725
_d209725